Vývojové trendy v kolektívnom investovaní v SR a vo svete odbor inaugurovania: Financie

Gespeichert in:
Bibliographische Detailangaben
1. Verfasser: Chovancová, Božena
Körperschaft: Ekonomická univerzita v Bratislave. Národohospodárska fakulta
Format: Buch
Sprache:Slowakisch
Veröffentlicht: Bratislava 2005
Schriftenreihe:Habilitačné a inauguračné prednášky
Schlagworte:
Tags: Tag hinzufügen
Keine Tags, Fügen Sie das erste Tag hinzu!

MARC

LEADER 00000nam a2200000 4500
001 0136600
005 20240314091423.6
020 |a 80-225-1985-5 
041 0 |a slo 
044 |a SK 
245 1 0 |a Vývojové trendy v kolektívnom investovaní v SR a vo svete  |b odbor inaugurovania: Financie  |c Božena Chovancová 
264 1 |a Bratislava  |c 2005 
300 |a 43 s. 
490 1 |a Habilitačné a inauguračné prednášky 
830 0 |a Habilitačné a inauguračné prednášky 
610 2 0 |a investovanie kolektívne 
610 2 0 |a fondy penzijné 
610 2 0 |a trh 
610 2 0 |a domácnosti 
610 2 0 |a Slovensko 
610 2 0 |a Európa 
610 2 0 |a USA 
100 1 |a Chovancová, Božena 
710 2 |a Ekonomická univerzita v Bratislave. Národohospodárska fakulta